000 00863nam a22002297a 4500
999 _c21196
_d21196
003 AR-CdUCM
008 190227b ||||| |||| 00| 0 spa d
040 _aMUNICIPALIDAD PROVINCIAL DEL CUSCO
_cBIBLIOTECA MUNICIPAL DEL CUSCO
082 _a985.01 / R63
_bR63
100 _aRíos Zamalloa, Jorge
_92949
245 _aEscenario histórico de los Qollas e Inkas /
260 _aCusco :
_bWamanpuma,
_c2017.
300 _a132 páginas ;
_c20 cm.
505 _aContenido: Qosqo capital imperial -- Qosqo en el proceso imperial -- La religiosidad Inka -- Las luchas de religiones -- La lucha de la religiosidad andina ...
650 _aCultura andina
_95789
650 _aEpoca Prehispánica
_92714
650 _aÉpoca Colonial
_944286
650 _aIdentidad cultural
_92943
650 _aReligiosidad andina
_944127
942 _2ddc
_cLIBROS
945 _aRoel